Statistiques concernant trouver le réalisateur de chaque film

Cliquez ici pour prendre le quiz!

Statistiques générales

  • Ce quiz a été pris 114 fois
  • Le résultat moyen est 10 sur 25

Statistiques - réponses

film réalisateur % Correct
minority reportsteven spielberg
75%
docteur folamourstanley kubrick
71%
Blue velvetdavid lynch
65%
huit femmesfrancois ozon
64%
nymphomaniaclars von trier
60%
the grand budapest hotelwes anderson
58%
buffet froidbertrand blier
57%
l'aile ou la cuisseclaude zidi
45%
eternal sunshine of the spotless mindmichel gondry
45%
qui veut la peau de roger rabbitrobert zemeckis
43%
ranakira kurosawa
41%
démineursKathryn Bigelow
35%
the doorsoliver stone
33%
la guerre est déclaréevalerie donzelli
33%
la sirène du mississippifrancois truffaut
29%
Harvey Milkgus van sant
29%
le silence des agneauxjonathan demme
29%
la garconnièrebilly wilder
28%
la loi du marchéstéphane brizé
28%
louloumaurice pialat
27%
2046wong kar wai
27%
The queenstephen frears
24%
place vendômenicole garcia
19%
elle s'en vaemmanuelle bercot
18%
la vie rêvée des angeserick zonca
14%

Distribution des résultats

Percentile par nombre de réponses

% des personnes avec chaque résultat

Votre développement - résultats

Vous n’avez pas pris ce quiz